000 00661nam a2200193 i 4500
001 97489
003 ES-MaACL
005 20251009172046.0
007 t|
008 050712s1972 sp ||||1| spa d
100 0 _aMarcuse, Herbert,
_d1898-1979
_976559
245 1 3 _aEl hombre unidimensional
_b: ensayo sobre la ideología de la sociedad industrial avanzada /
_cHerbert Marcuse; [traducción de Antonio Elorza].
250 _a[9ª ed.].
260 _aBarcelona :
_bSeix y Barral,
_c1972.
300 _a286 p., 3 h. ;
_c19 cm.
700 1 _aElorza, Antonio,
_d1943-
_947089
852 _aES-MaACL
_jE-5956
_bR.90616
999 _c97489
_d97489